书目信息 |
| 题名: |
电子产品制造工艺
|
|
| 作者: | 张祖林 , 吕刚 , 胡进德 主编 | |
| 分册: | ||
| 出版信息: | 武汉 华中科技大学出版社 2008.10 |
|
| 页数: | 224页 | |
| 开本: | 26cm | |
| 丛书名: | ||
| 单 册: | ||
| 中图分类: | TN05 | |
| 科图分类: | ||
| 主题词: | 电子产品--dian zi chan pin--生产工艺 | |
| 电子资源: | ||
| ISBN: | 978-7-5609-4766-2 | |
| 000 | 01032nam0 2200265 450 | |
| 001 | 012009920943 | |
| 005 | 20090622152224.28 | |
| 010 | @a978-7-5609-4766-2@dCNY24.80 | |
| 100 | @a20090622d2008 em y0chiy0120 ea | |
| 101 | 0 | @achi |
| 102 | @aCN@b420000 | |
| 105 | @aa a 000yy | |
| 106 | @ar | |
| 200 | 1 | @a电子产品制造工艺@Adian zi chan pin zhi zao gong yi@f张祖林, 吕刚, 胡进德主编@Fzhang zu lin,lu gang,hu jin de zhu bian |
| 210 | @a武汉@c华中科技大学出版社@d2008.10 | |
| 215 | @a224页@c图@d26cm | |
| 320 | @a有书目 (第224页) | |
| 330 | @a本书主要内容包括常用电子元器件、电路图的识读与常用工艺文件、印制电路板、常用装配工具与准备工艺、常用设备、焊接技术、常用电子测量仪器及电子产品的总装与检验。本书中包含9个实训内容,使学生在理论学习的同时,能够进行实际操作。 | |
| 606 | 0 | @a电子产品@Adian zi chan pin@x生产工艺 |
| 690 | @aTN05@v4 | |
| 701 | 0 | @a张祖林@Azhang zu lin@4主编 |
| 701 | 0 | @a吕刚@Alu gang@4主编 |
| 701 | 0 | @a胡进德@Ahu jin de@4主编 |
| 801 | 0 | @aCN@bQSSK@c20090622 |
| 905 | @b745715-17@dTN05@eZ253@f3 | |
| 电子产品制造工艺/张祖林, 吕刚, 胡进德主编.-武汉:华中科技大学出版社,2008.10 |
| 224页:图;26cm |
| ISBN 978-7-5609-4766-2:CNY24.80 |
| 本书主要内容包括常用电子元器件、电路图的识读与常用工艺文件、印制电路板、常用装配工具与准备工艺、常用设备、焊接技术、常用电子测量仪器及电子产品的总装与检验。本书中包含9个实训内容,使学生在理论学习的同时,能够进行实际操作。 |
| ● |
| 相关链接 |
|
|
|
正题名:电子产品制造工艺
索取号:TN05/Z253
 
预约/预借
| 序号 | 登录号 | 条形码 | 馆藏地/架位号 | 状态 | 备注 |
| 1 | 745715 | 207457152 | 自科二线404/404自科库 11排2列6层/ [索取号:TN05/Z253] | 在馆 | |
| 2 | 745716 | 207457161 | 自科二线404/404自科库 11排2列6层/ [索取号:TN05/Z253] | 在馆 | |
| 3 | 745717 | 207457170 | 自科二线404/404自科库 17排2列6层/ [索取号:TN05/Z253] | 在馆 |